000 00474nam a2200181Ia 4500
008 151202s9999||||xx |||||||||||||| ||und||
082 _bPNVM-75596
100 _aSHELLEYelaine.
245 _aDixie browning winter blossom.
260 _b"SILHOUETTE, LONDON."
260 _c75596
300 _a188
600 _aSHELLEYelaine.
630 _aDixie browning winter blossom.
700 _aSHELLEYelaine.
730 _aDixie browning winter blossom.
942 _cBOOK
999 _c1342255
_d1342252